000 01089nam a2200301 i 4500
003 EG-GICUC
005 20260121101511.0
008 251216s1985 ua ||||f |||| 00| 0 ara d
040 _a EG-GICUC
_bara
_c EG-GICUC
_d EG-GICUC
_erda
041 _aara
082 0 4 _221
_a343.6
_bف و . م
092 0 4 _221
099 _aLaw1 10 343.6 ف و . م 1985
100 0 _aفوزية عبد الستار
_eمؤلف.
245 1 0 _aمبادئ علم الإجرام والعقاب \
_c فوزية عبد الستار.
264 1 _aالقاهرة :
_bدار النهضة العربية،
_c1985.
300 _a؛ 447 صفحة
_c24 سم.
336 _2rda content
_atext
337 _2rda media
_aComputer
338 _2rda carrier
_aOnline Resource
546 _aالنص أغلبه باللغة العربية بعض النصوص الإنجليزية والفرنسية
650 1 4 _aعلم الإجرام
_2qrmak
650 1 4 _aعلم العقاب
_2qrmak
651 1 _2qrmak
856 4 0 _uhttps://fll.law.cu.edu.eg/fulltext/bks/B10-07267.pdf
905 _a75
942 _2ddc
_cBK
_e21
_n0
999 _c50916
_d50916